00952nam a2200193 a 450000100100000000500170001000800410002704000250006808200230009311101080011624500690022424600610029326000780035430000360043250000770046861100930054565000590063865000610069700002829820200930031522.0110407s2006 dr ac 000 0 spa d aDO-SdBNPbspacBNPHU a021.7bF356n, 20062 aFeria Internacional del Libron(9ª :d2006: 24 abril al 7 mayocSanto Domingo, República Dominicana)10aIX Feria Internacional del Libro Santo Domingo 2006 :bPrograma.13aNovena Feria Internacional del Libro Santo Domingo, 2006 aSanto Domingo :bSecretaría de Estado de Cultura,c2006fEditora Búho a403 p. :bil., retrs. ;c23 cm. aEn homenaje a Marcio Veloz Maggiolo , país invitado de honor Argentina24aFERIA INTERNACIONAL DEL LIBROx(9ª :cSANTO DOMINGO, REPÚBLICA DOMINICANA)xPROGRAMAS 4aIndustria del librozRepública DominicanaxProgramas 4aFeria del librozRepública Dominicanay2006xProgramas